MLB Hall of Fame Managers - Statistics

General Stats
  • This quiz has been taken 73 times
  • The average score is 13 of 23
Answer Stats
Years as Manager Managerial Record World Series Year Inducted Managers % Correct
1979 - 2022 2,902-2,515 3 2014 Tony La Russa
90%
1977 - 2010 2,325-1,997 4 2014 Joe Torre
88%
1934 - 1965 1,905-1,842 7 1966 Casey Stengel
83%
1970 - 1995 2,194-1,834 3 2000 Sparky Anderson
83%
1978 - 2010 2,504-2,001 2 2014 Bobby Cox
81%
1976 - 1996 1,599-1,439 2 1997 Tommy Lasorda
81%
1894 - 1950 3,731-3,948 5 1937 Connie Mack
75%
1973 - 1990 1,281-1,125 1 2010 Whitey Herzog
73%
1967 - 1988 1,571-1,451 2 2008 Dick Williams
69%
1968 - 1986 1,480-1,060 1 1996 Earl Weaver
69%
1899 - 1932 2,763-1,948 3 1937 John McGraw
69%
1926 - 1950 2,125-1,333 7 1957 Joe McCarthy
65%
1954 - 1976 2,040-1,613 4 1983 Walter Alston
65%
1889 - 1907 2,008-1,709 2 1994 Leo Durocher
58%
1913 - 1929 1,413-1,134 3 1964 Miller Huggins
52%
1951 - 1969 1,410-1,004 None 1977 Al Lopez
42%
1902 - 1931 1,399-1,398 None 1948 Wilbert Robinson
40%
1924 - 1956 2,158-2,219 2 1975 Bucky Harris
33%
1929 - 1951 1,044-704 2 2008 Billy Southworth
21%
1939 - 1973 1,313-1,164 None 1996 Ned Hanlon
19%
1890 - 1905 1,284-862 None 1999 Frank Selee
17%
1907 - 1914 336-195-11 None 1981 Rube Foster
17%
1915 - 1946 1,896-1,723 3 1962 Bill McKechnie
15%
No matching quizzes found
Score Distribution
Percent of People with Each Score
Percentile by Number Answered
Your Score History
You have not taken this quiz